LEADER 01370nam0 22003131i 450 001 SUN0033174 005 20061013120000.0 010 $a88-13-19660-1 100 $a20050301d1996 |0itac50 ba 101 $aita 102 $aIT 105 $a|||| ||||| 200 1 $aˆIl ‰nuovo ordinamento delle camere di commercio$fMaria Elena Teatini 205 $aPadova : Cedam$b1996 210 $d250 p. ; 25 cm 215 $aSegue: Appendice normativa 606 $aCamere di commercio$xLegislazione$2FI$3SUNC014908 620 $dPadova$3SUNL000007 676 $a343.4508$v21 700 1$aTeatini$b, Maria Elena$3SUNV027830$0264159 712 $aCEDAM$3SUNV005537$4650 801 $aIT$bSOL$c20181109$gRICA 912 $aSUN0033174 950 $aUFFICIO DI BIBLIOTECA DEL DIPARTIMENTO DI GIURISPRUDENZA$d00 CONS IV.Ee.86 $e00 2112 950 $aUFFICIO DI BIBLIOTECA DEL DIPARTIMENTO DI GIURISPRUDENZA$d00 CONS IV.Ee.86 app. $e00 798445238 995 $aUFFICIO DI BIBLIOTECA DEL DIPARTIMENTO DI GIURISPRUDENZA$h2112$kCONS IV.Ee.86$op$qa 995 $aUFFICIO DI BIBLIOTECA DEL DIPARTIMENTO DI GIURISPRUDENZA$h798445238$kCONS IV.Ee.86 app.$op$qa 996 $aNuovo ordinamento delle camere di commercio$9686827 997 $aUNICAMPANIA LEADER 01911oem 2200517Ia 450 001 9910699524003321 005 20230902162035.0 035 $a(CKB)5470000002403689 035 $a(OCoLC)660149833 035 $a(EXLCZ)995470000002403689 100 $a20100902d2010 ca 101 0 $aeng 120 $ab|||||||||||| 121 $a||||||||| 124 $bd 135 $aurcn||||||||| 181 $ccrd$2rdacontent 182 $cc$2rdamedia 183 $acr$2rdacarrier 200 10$aEAARL coastal topography, eastern Florida, post-Hurricane Frances, 2004$b[electronic resource] $ebare earth /$fXan Yates ... [and others] 210 1$a[Reston, Va.] :$cU.S. Dept. of the Interior, U.S. Geological Survey ;$a[Washington, DC] :$cNational Aeronautics and Space Administration,$d2010. 215 $a1 online resource (1 map) $ccolor 225 1 $aData series ;$v528 300 $aRelief shown by gradient tints. 300 $aTitle from HTML index page (viewed on Sept. 2, 2010). 300 $aIncludes location maps. 320 $aIncludes bibliographical references. 410 0$aData series (Geological Survey (U.S.)) ;$v528. 517 $aEAARL coastal topography, eastern Florida, post-Hurricane Frances, 2004 606 $aHurricane Frances, 2004 606 $aCoasts$xHurricane effects$zFlorida$vMaps 607 $aAtlantic Coast (Fla.)$vMaps 608 $aTopographic maps.$2lcgft 608 $aMaps.$2lcgft 615 0$aHurricane Frances, 2004. 615 0$aCoasts$xHurricane effects 700 $aYates$b Xan$01391709 712 02$aGeological Survey (U.S.) 712 02$aUnited States.$bNational Aeronautics and Space Administration. 801 0$bGPO 801 1$bGPO 801 2$bGPO 906 $aBOOK 912 $a9910699524003321 996 $aEAARL coastal topography, eastern Florida, post-Hurricane Frances, 2004$93445697 997 $aUNINA